[Event "Kurnosov Memorial Rapid 2018"]
[Site "Chelyabinsk"]
[Date "2018.09.07"]
[Round "3"]
[White "Drygalov, Andrey"]
[Black "Kokarev, Dmitry"]
[Result "0-1"]
[WhiteElo "2481"]
[BlackElo "2663"]
[Annotator "TA"]
[PlyCount "92"]
[EventDate "2018.09.07"]
[EventType "swiss"]
[EventCountry "RUS"]
[SourceTitle "playchess.com"]
[Source "ChessBase"]
[SourceQuality "1"]

{[%evp 19,92,33,59,28,45,26,27,27,27,29,27,32,37,37,59,64,58,46,65,37,35,41,59,54,63,55,74,29,45,31,44,29,82,31,37,27,35,14,45,14,36,41,38,20,21,23,33,21,64,33,59,40,56,22,37,0,0,0,0,0,0,0,0,0,0,-70,0,-4,0,0,0,-696,-683,-744,-741]} 1. e4 c5 2. Nf3 d6 3. d4 cxd4 4. Nxd4 Nf6 5. Nc3 a6 6. Be2 e5 7. Nf3 {[%cal Bd4f3,Bf3d2,Bd2c4][%mdl 32]} h6 8. Nd2 {B92: Sicilian Najdorf: 6 Be2} Be6 9. Nc4 Qc7 (9... Nc6 10. Ne3 Ne7 11. O-O Rc8 12. Bf3 g6 13. Qd3 Bg7 14. Rd1 Rc6 15. b3 Qc8 {1-0 (48) Vachier Lagrave,M (2789)-Korobov,A (2652) Riadh 2017}) 10. Ne3 Nbd7 {LiveBook: 3 Games} 11. Ncd5 Bxd5 12. Nxd5 Nxd5 13. Qxd5 Nf6 14. Qd3 Qc6 $146 ({Predecessor:} 14... d5 15. exd5 Qa5+ 16. Bd2 Qxd5 17. Qxd5 Nxd5 18. Bf3 O-O-O 19. O-O-O Nc7 20. Bc3 Bd6 21. Rhe1 f6 22. Be4 {½-½ (22) Karacsonyi,G (2209)-Kecskemeti,A (2216) Hungary 2018}) 15. Bf3 Rc8 16. c3 Qc4 17. Qxc4 Rxc4 18. O-O Be7 19. Be2 Rc6 20. Bd3 Bd8 21. Re1 Bb6 22. Bc2 Ke7 23. Bb3 Rd8 24. Bd2 Bc5 25. g3 Rc7 (25... b5 $11 {remains equal.}) 26. Kg2 (26. a4 $16) 26... b5 $14 27. f4 Nd7 28. Bc2 Nb6 29. Re2 Nc4 30. Bc1 $1 Bb6 31. b3 Na5 32. Bb2 Rdc8 33. Bd3 Rb8 34. Rf1 f6 35. h4 Ba7 36. Rd1 Nc6 37. b4 exf4 38. gxf4 g5 39. e5 dxe5 40. fxg5 hxg5 41. hxg5 Rg8 42. g6 (42. Bc1 $1 $11) 42... Ke6 ({Better is} 42... Rd7 $15 43. Kf1 {[#]} f5 $1 {[%mdl 512]}) 43. Bc2 $132 {[%mdl 2048] White is not keeping still} Ne7 44. Bb3+ Rc4 $1 45. Rd3 $2 {[%mdl 8192] [#]} (45. Bxc4+ $11 bxc4 46. Kh2) 45... Nxg6 $19 46. Bxc4+ bxc4 {Precision: White = 27%, Black = 48%.} 0-1

[Event "Kurnosov Memorial Rapid 2018"]
[Site "Chelyabinsk"]
[Date "2018.09.07"]
[Round "3"]
[White "Kabanov, Nikolai"]
[Black "Lysyj, Igor"]
[Result "1/2-1/2"]
[WhiteElo "2476"]
[BlackElo "2644"]
[Annotator "TA"]
[PlyCount "62"]
[EventDate "2018.09.07"]
[EventType "swiss"]
[EventCountry "RUS"]
[SourceTitle "playchess.com"]
[Source "ChessBase"]
[SourceQuality "1"]

{[%evp 20,62,21,4,15,10,11,10,15,-13,-16,-45,-8,-28,-28,-25,-25,-34,2,5,5,-4,-6,-7,-5,-4,-2,-8,-8,-8,-8,-7,-7,-35,-8,-8,-8,-14,0,-18,0,0,0,0,-10]} 1. e4 e5 2. Nf3 Nc6 3. Nc3 Nf6 4. d4 exd4 5. Nxd4 Bb4 6. Nxc6 bxc6 7. Bd3 O-O 8. O-O d5 9. exd5 {C47: Scotch Four Knights and Four Knights with 4 g3} Bg4 10. f3 Bh5 11. Bg5 {LiveBook: 4 Games} cxd5 12. Bxf6 $146 ({Predecessor:} 12. Nxd5 Qxd5 13. Bxf6 Qc5+ 14. Kh1 gxf6 15. a3 Ba5 16. b4 Bxb4 17. axb4 Qxb4 {½-½ (40) Popov,I (2608)-Motylev,A (2659) Yaroslavl 2018}) 12... Qxf6 13. Nxd5 Qxb2 14. Kh1 {[#] Black must now prevent Rb1.} Bd6 15. Qd2 Rab8 16. Rae1 Qxa2 17. Ra1 Qb2 18. Rxa7 Ra8 19. Rxa8 Rxa8 20. Qg5 Bg6 21. Ne7+ Bxe7 22. Qxe7 Qc3 23. Be4 Bxe4 24. Qxe4 $11 {[%cal Re4a8][%mdl 4096] [#] Endgame KQR-KQR} Rd8 25. h3 g6 26. f4 Qd4 27. Qc6 {The position is equal.} Qd6 28. Qc4 Re8 29. f5 gxf5 30. Rxf5 Re1+ 31. Rf1 Rxf1+ {Precision: White = 44%, Black = 59%.} 1/2-1/2

[Event "Kurnosov Memorial Rapid 2018"]
[Site "Chelyabinsk"]
[Date "2018.09.07"]
[Round "3"]
[White "Slizhevsky, Alexander"]
[Black "Bocharov, Ivan"]
[Result "*"]
[WhiteElo "2442"]
[BlackElo "2625"]
[Annotator "TA"]
[PlyCount "81"]
[EventDate "2018.09.07"]
[EventType "swiss"]
[EventCountry "RUS"]
[SourceTitle "playchess.com"]
[Source "ChessBase"]
[SourceQuality "1"]

{[%evp 40,81,19,20,21,19,38,28,56,54,97,0,0,-10,0,-107,0,0,0,-56,-35,-78,-96,-92,-95,-82,-10,-105,-97,-121,-102,-152,-148,-299,-10,-256,-161,-559,-506,-440,-439,-416,-343,-388]} 1. e4 e5 2. Nf3 Nc6 3. Bb5 {[%cal Bf1b5,Bb5a4,Ba4b3][%mdl 32]} a6 4. Ba4 Nf6 5. O-O Be7 6. Re1 b5 7. Bb3 d6 8. c3 O-O 9. h3 Nb8 10. d4 Nbd7 11. Nbd2 Bb7 12. Bc2 Re8 13. Nf1 Bf8 14. Ng3 g6 15. a4 c5 16. d5 c4 17. Bg5 Nc5 {C95: Closed Ruy Lopez: Breyer Variation with 10 d4} 18. Qd2 Be7 19. Ra3 Nfd7 20. Be3 (20. Rea1 Bxg5 21. Nxg5 Nxa4 22. Bxa4 bxa4 23. f4 exf4 24. Qxf4 Qf6 25. Qh4 {1-0 (57) Robson,R (2649)-Dragun,K (2597) New York 2018}) 20... Qc7 21. Nh2 {LiveBook: 4 Games} h5 22. Qe2 {[#]} Kg7 $146 ({Predecessor:} 22... Reb8 23. Nxh5 gxh5 24. Qxh5 Nf6 25. Qh4 Nh7 26. Qh5 Nf6 27. Qh4 Nh7 28. Qh5 Nf6 29. Qh4 {½-½ (29) Polakovic,P (2470)-Williamson,H (2535) ICCF email 2015}) 23. Rea1 Nb6 24. axb5 {Bxc5 is the strong threat.} axb5 25. f4 (25. Rxa8 $1 $16 Bxa8 26. Nf3) 25... Rxa3 $11 26. Rxa3 exf4 27. Bxf4 (27. Bd4+ $1 $11 f6 28. Nxh5+ $1 {[%mdl 512]} gxh5 29. Qxh5) 27... Bf6 (27... h4 $17 28. Ngf1 Bd8) 28. Qf3 Nbd7 29. Nhf1 (29. Ra1 $11) 29... h4 30. Nh1 Ne5 $36 {[%mdl 2048] Black is in control.} 31. Bxe5 Bxe5 32. Nf2 Qe7 (32... Qb6 $17 {White must now prevent ...b4.} 33. Ne3 Bf6) 33. Ng4 {[#]} (33. Ra5 $1 $11 {keeps the balance.}) 33... Qg5 $1 $17 34. Nxe5 Rxe5 35. Ra1 {[#]} f5 $1 {[%cal Bf7f5,Bf5e4][%mdl 32]} 36. Ra7 $2 (36. Qe3 $17 fxe4 37. Ra7) 36... Kh6 $2 ({Better is} 36... Qc1 $19 37. Qe2 (37. Qf2 $2 fxe4 38. Qe2 Re7 $19) 37... fxe4) 37. Qe3 $2 (37. Ra5 $11 {and White is okay.}) 37... fxe4 38. Qxg5+ $2 (38. Qf2) 38... Kxg5 $19 39. Ne3 Bxd5 40. Kf2 Bb7 41. Ra5 {Precision: White = 24%, Black = 46%.} *

[Event "Kurnosov Memorial Rapid 2018"]
[Site "Chelyabinsk"]
[Date "2018.09.07"]
[Round "3"]
[White "Shariyazdanov, Andrey"]
[Black "Bocharov, Dmitry"]
[Result "1/2-1/2"]
[WhiteElo "2435"]
[BlackElo "2619"]
[Annotator "TA"]
[PlyCount "122"]
[EventDate "2018.09.07"]
[EventType "swiss"]
[EventCountry "RUS"]
[SourceTitle "playchess.com"]
[Source "ChessBase"]
[SourceQuality "1"]

{[%evp 9,122,0,43,45,38,45,20,40,15,14,32,17,22,23,3,6,77,-5,-9,-16,-8,-6,0,0,0,0,0,-16,-14,-14,-18,-18,-11,-11,-11,-11,-3,-9,-9,-14,-9,-14,0,-8,0,0,8,0,15,8,8,8,21,0,0,-27,-27,-27,-20,-20,-16,-27,-27,-27,-27,-27,-27,-27,-27,-28,-16,-28,-16,-16,-16,-16,-16,-16,-16,-16,-16,-16,-16,-16,0,-16,-16,-16,-16,-16,-16,-16,-16,-16,-16,-16,-16,-16,0,-16,-16,-16,-10,-16,-16,-16,-16,-16,-16,-16,-12,-12,-12,-12,-12]} 1. c4 e5 2. Nc3 Bb4 3. Nf3 Bxc3 4. dxc3 d6 5. e4 f5 $146 ({Predecessor:} 5... Nc6 6. Bd3 Nge7 7. Nh4 O-O 8. Qf3 Ng6 9. Nf5 Nh4 10. Qg4 Nxf5 11. exf5 f6 12. h4 {½-½ (59) Milov,V (2595)-Papa,S (2372) Biel 2003}) 6. exf5 {A21: English Opening: 1...e5 2 Nc3} Bxf5 7. c5 Nf6 8. Qb3 Nbd7 9. cxd6 cxd6 10. Be3 Ng4 11. O-O-O Nxe3 12. fxe3 Qc7 {[#]} (12... Qb6 $11 {keeps the balance.}) 13. Bc4 ({White should play} 13. Qb4 $1 $16) 13... Nc5 14. Qa3 Ke7 15. Rhe1 Rhf8 {[#]} 16. Nd4 $1 {[%mdl 512]} Bd7 (16... exd4 17. exd4+) 17. Nb3 Rac8 18. Nxc5 Qxc5 19. Qxc5 Rxc5 20. Bd3 Be6 21. a3 h6 22. Rf1 Rcc8 23. Rxf8 Rxf8 $11 {[%mdl 4096] Endgame KRB-KRB} 24. Rf1 Rc8 25. Kd2 Rc6 26. g3 a5 27. b4 b6 28. Rb1 Rc7 29. bxa5 bxa5 30. Rb5 Ra7 31. Be4 Bc4 32. Rb7+ (32. Rb8 {keeps more tension.} Ke6 33. Bd3 Bxd3 34. Kxd3 Rf7 35. Re8+) 32... Rxb7 33. Bxb7 {KB-KB} Kd7 34. Be4 Kc7 35. h4 Kb6 36. Bg6 Kb5 {Threatens to win with ...Ka4.} 37. Be8+ Kc5 38. Bg6 Be6 39. Bd3 Bd7 40. Be2 Kd5 41. Bd3 {The position is equal.} Be6 42. c4+ Kc5 43. Kc3 Bg4 44. Bf1 Bf3 45. Bh3 Be2 46. Be6 Bf3 47. Bf7 Be4 48. Be6 Bc6 49. Bf7 Kb6 50. Be6 Kc7 51. Bg4 Be4 52. Be6 Bg6 53. Bd5 Kd7 54. Bg8 Be4 55. Bd5 Bf5 56. Bg8 Kc6 57. Bf7 Be4 58. Be6 Kc5 59. Bf7 g5 60. hxg5 hxg5 61. Be6 Ba8 {Precision: White = 68%, Black = 48%.} 1/2-1/2

[Event "Kurnosov Memorial Rapid 2018"]
[Site "Chelyabinsk"]
[Date "2018.09.07"]
[Round "4"]
[White "Andreikin, Dmitry"]
[Black "Morozevich, Alexander"]
[Result "0-1"]
[WhiteElo "2731"]
[BlackElo "2614"]
[Annotator "TA"]
[PlyCount "84"]
[EventDate "2018.09.07"]
[EventType "swiss"]
[EventCountry "RUS"]
[SourceTitle "playchess.com"]
[Source "ChessBase"]
[SourceQuality "1"]

{[%evp 19,84,14,28,0,11,10,26,27,37,0,0,-95,-91,-74,-30,-128,-140,-146,-144,-143,-180,-173,-97,-161,-110,-199,-164,-325,-318,-451,-426,-530,-392,-628,-611,-645,-500,-521,-483,-531,-508,-556,-557,-547,-471,-858,-855,-697,-845,-829,-826,-805,-800,-1128,-951,-2043,-1995,-3293,-3017,-3247,-2939,-2797,-2824,-29989,-29990,-29989,-29990]} 1. d4 Nf6 2. c4 c5 3. d5 g6 4. Nc3 Bg7 5. e4 O-O 6. Bg5 d6 7. Qd2 e6 8. Bd3 exd5 {E70: King's Indian: Miscellaneous lines with 4 e4, including 5 Nge2 and 5 Bd3 0-0 6 Nge2} 9. cxd5 a6 (9... Re8 10. Nge2 Nbd7 11. O-O a6 12. a4 Ne5 13. Bc2 Rb8 14. b3 b5 15. axb5 axb5 16. f4 Ned7 17. e5 dxe5 18. f5 c4 19. b4 e4 20. Qf4 {½-½ (56) Morozevich,A (2770)-Topalov,V (2752) Astana 2012}) 10. a4 Qa5 {LiveBook: 3 Games. The position is equal.} 11. Nge2 b5 12. O-O {[%cal Ra4b5]} b4 13. Nd1 c4 $146 ({Predecessor:} 13... Re8 14. Ng3 Nbd7 15. Ne3 Qc7 {½-½ (67) Mostafavi,M-Dittmann,S Moscow (Russia) 1956}) 14. Bb1 Nbd7 {[%cal Bb8d7,Bd7c5,Bc5b3][%mdl 32]} 15. Bh6 (15. Ne3 $11 {keeps the balance.}) 15... Nc5 $17 {Threatens to win with ...Nb3.} 16. Bxg7 Kxg7 17. Qf4 (17. Bc2 $11 {remains equal.}) 17... Nb3 $36 {[%mdl 2048] Black is in control.} 18. Ra2 Qc5 ({Stronger than} 18... Bg4 19. Ng3 $11) 19. Ne3 {[#]} Re8 $1 20. Rd1 Ra7 (20... Re5 $19 21. h4 Bd7) 21. Ng3 {[#]} (21. Bc2 $17) 21... h6 ({Better is} 21... Re5 $1 $19 22. h4 Rae7) 22. h4 (22. Bc2 $17 Na5 23. Raa1) 22... Re5 $19 23. h5 $2 (23. Kh1) 23... Rae7 ({Less strong is} 23... Nxh5 24. Nxh5+ Rxh5 25. e5 $17) 24. hxg6 (24. Re1 {is a better defense.}) 24... fxg6 25. Qh4 h5 26. Bc2 $2 (26. Ngf1 g5 27. Qh2) 26... Nd4 27. Bb1 Ng4 28. Rf1 Rf7 29. b3 c3 30. Nc4 Nxb3 31. Nxe5 dxe5 32. Nxh5+ (32. Nf5+ $142 Kh7 33. d6) 32... gxh5 33. Qg5+ Kh7 34. Qxh5+ Kg8 35. Bd3 Nd4 36. a5 Bd7 37. Bxa6 b3 {[%cal Bb4b3,Bb3b2][%mdl 32]} 38. Raa1 c2 39. Qg5+ Rg7 40. Qd8+ Kh7 41. Bd3 b2 42. Qh4+ Nh6 {Precision: White = 28%, Black = 89%.} 0-1

[Event "Kurnosov Memorial Rapid 2018"]
[Site "Chelyabinsk"]
[Date "2018.09.07"]
[Round "4"]
[White "Chigaev, Maksim"]
[Black "Iljiushenok, Ilia"]
[Result "0-1"]
[WhiteElo "2678"]
[BlackElo "2572"]
[Annotator "TA"]
[PlyCount "140"]
[EventDate "2018.09.07"]
[EventType "swiss"]
[EventCountry "RUS"]
[SourceTitle "playchess.com"]
[Source "ChessBase"]
[SourceQuality "1"]

{[%evp 17,140,15,17,18,17,21,13,17,34,35,42,34,35,34,43,22,29,27,31,18,35,0,31,16,0,-23,-21,-49,-33,-91,-82,-118,-116,-159,-20,-16,0,-4,33,23,18,0,0,-208,-32,-76,-19,-27,-16,-106,-109,-368,-368,-595,-557,-820,-590,-791,-570,-1988,-356,-356,-362,-327,-347,-337,-27,-33,-21,-995,-1012,-982,-1009,-881,-612,-612,-612,-612,-612,-605,-598,-813,-591,-567,-536,-520,-466,-817,-846,-832,-768,-866,-839,-832,-605,-794,-491,-702,-702,-832,-812,-832,-832,-810,-766,-2570,-2325,-5094,-5057,-5057,-4134,-2734,-847,-2325,-1765,-1483,-1434,-975,-723,-711,-626,-29980,-29981,-29981,-29982]} 1. e4 e5 2. Bc4 Nf6 3. d3 Nc6 4. Nf3 Bc5 5. O-O d6 6. a4 h6 7. c3 Bb6 8. b4 a6 9. a5 {C54: Italienische Partie (Hauptvariante)} (9. Nbd2 O-O 10. Bb3 d5 11. Bb2 Be6 12. Re1 Re8 13. h3 d4 14. Bxe6 Rxe6 15. Nc4 dxc3 16. Bxc3 Bd4 17. Bxd4 Nxd4 18. Ncxe5 Nxf3+ 19. Nxf3 {1-0 (52) Yudin,S (2546)-Kasimdzhanov,R (2700) Dubai 2014}) 9... Ba7 {LiveBook: 4 Partien} 10. Be3 O-O 11. Bxa7 {Die Stellung ist ausgeglichen.} Rxa7 12. Nbd2 Ne7 13. Re1 $146 ({Vorgänger:} 13. h3 Ng6 14. d4 Qe7 15. Qc2 Nh5 16. Rfe1 {0-1 (61) Finnbogadottir,T (1791)-Steil Antoni,F (2117) Reykjavik 2011}) 13... Ng6 14. d4 Ra8 15. Bf1 Re8 16. h3 Nh7 17. dxe5 dxe5 18. Nc4 Qf6 19. Ne3 Be6 20. Nd5 Bxd5 21. exd5 Rad8 22. Nd2 Ng5 $1 23. Nc4 (23. c4 $15) 23... e4 $17 24. Ne3 Qxc3 25. Rc1 Qe5 (25... Qxb4 $17 26. Qc2 Ne5) 26. Qg4 $1 $11 Nf4 27. Qg3 Re7 28. h4 {[%mdl 1024] Weiss hat Kompensation.} Nh7 29. Ng4 Qd6 30. Rc4 $2 (30. Ne3 $11 Nd3 31. Qxd6 (31. Nf5 Qxg3 32. Nxe7+ Kf8 $14) 31... cxd6 32. Bxd3 exd3 33. Red1) 30... f5 $2 ({Lieber} 30... Nxd5 $19 {Weiss muss nun ...Dxg3 beachten.} 31. Qxd6 Rxd6) 31. Ne3 $15 Rf8 ({Besser ist} 31... Rf7 $17 32. Rec1 Nf8) 32. Rec1 $11 g6 33. Rc5 (33. R4c3 $11 {hält das Gleichgewicht.}) 33... Nd3 $1 $36 {[%mdl 2048] Droht stark ...f4. Schwarz ist am Drücker.} 34. Bxd3 $4 {[%mdl 8192]} (34. Qxd6 $17 cxd6 35. Rc7) 34... f4 $1 $19 {[%cal Rf4g3]} ({Nicht} 34... exd3 35. Nf1 $17) 35. Qh2 $2 (35. Qh3 {war die einzige Verteidigung.} fxe3 36. Qxe3 exd3 37. Qxd3) 35... fxe3 36. Bf1 exf2+ 37. Kh1 e3 {Und weiter mit ...e2 wäre nett.} 38. Rxc7 Qxh2+ $2 (38... Rxc7 39. Qxd6 Rxc1 40. Qxg6+ Kh8) 39. Kxh2 Rxc7 40. Rxc7 {[%mdl 4096] Endspiel [#] KTL-KTS} Nf6 $1 41. d6 {[#]} Rd8 $2 (41... Nd5 $1 $19 {[%cal Rd5c7]} 42. Rc4 Rd8) 42. Rxb7 $11 Rxd6 43. Rb6 $2 {[%mdl 8192]} (43. b5 $11 Re6 44. Be2 axb5 45. Rxb5) 43... Rd1 $19 44. Bc4+ Nd5 45. Rxa6 f1=Q 46. Bxf1 Rxf1 {KTS-KT} 47. Re6 Ra1 48. Kg3 Kf7 49. Re4 {[#]} Nxb4 $1 {[%mdl 512]} 50. Rxe3 (50. Rxb4 e2) 50... Rxa5 51. Rb3 Nc6 52. Rb7+ (52. Kh3 $142) 52... Ne7 53. Kf3 Ra3+ 54. Kf4 Ra4+ 55. Kg3 Rc4 56. Kh3 Kf6 57. Rb6+ (57. g4 $142) 57... Rc6 58. Rb3 Nd5 59. Rb5 Rc3+ 60. g3 Rd3 61. h5 gxh5 62. Kh4 Kg6 63. Ra5 Rd4+ 64. Kh3 Kg5 65. Ra8 Nf6 66. Ra5+ Rd5 67. Ra8 Rd3 {Und ...h4 würde nun gewinnen.} 68. Ra5+ Nd5 69. Ra8 h4 70. Rg8+ Kh5 {Precision: Weiß = 35%, Schwarz = 48%.} 0-1

[Event "Kurnosov Memorial Rapid 2018"]
[Site "Chelyabinsk"]
[Date "2018.09.07"]
[Round "4"]
[White "Kokarev, Dmitry"]
[Black "Lintchevski, Daniil"]
[Result "1/2-1/2"]
[WhiteElo "2663"]
[BlackElo "2550"]
[Annotator "TA"]
[PlyCount "242"]
[EventDate "2018.09.07"]
[EventType "swiss"]
[EventCountry "RUS"]
[SourceTitle "playchess.com"]
[Source "ChessBase"]
[SourceQuality "1"]

{[%evp 20,242,33,39,65,62,67,74,69,70,66,47,74,61,50,44,39,48,48,36,44,21,35,23,16,8,7,0,8,7,13,7,13,8,6,4,4,0,4,0,0,0,0,0,7,0,1,0,0,0,0,0,0,0,0,0,0,0,6,4,7,7,0,0,8,0,0,0,0,0,0,0,0,0,58,58,57,57,57,60,82,50,53,29,31,32,40,26,34,34,35,35,35,34,35,33,41,35,40,15,19,15,36,13,43,8,8,8,10,13,28,8,8,7,7,7,7,7,7,7,7,7,8,7,7,7,8,8,8,7,7,7,7,7,7,7,8,8,8,7,7,0,8,8,8,7,8,7,7,7,8,8,8,8,8,8,8,7,7,7,8,7,7,0,0,0,0,0,0,0,0,0,0,0,0,0,0,0,0,0,0,0,0,0,8,8,8,8,8,0,8,8,8,8,8,8,8,8,8,8,8,0,0,0,0,0,0,0,0,0,0,0,0,0,0,0,0,0,0,0,0,0,0,0,8]} 1. e4 c5 2. Nf3 e6 3. d4 cxd4 4. Nxd4 Nf6 5. Nc3 Nc6 6. Ndb5 Bb4 7. a3 Bxc3+ 8. Nxc3 d5 9. exd5 Nxd5 10. Bd2 O-O 11. Qh5 {LiveBook: 4 Games. B45: Sicilian Four Knights} (11. Bd3 Qh4 12. g3 Qh3 13. Qe2 Nxc3 14. Bxc3 e5 15. O-O-O Bf5 16. Bxf5 Qxf5 17. Rd5 Rad8 18. Rhd1 Rxd5 19. Rxd5 {1-0 (62) Navara,D (2734)-Safarli,E (2657) Berlin 2015}) 11... Nf6 {[%cal Bd5f6,Bf6g4,Bg4f2][%mdl 32]} 12. Qh4 Qd4 13. Qxd4 {White is slightly better.} Nxd4 14. O-O-O e5 15. Be3 Ng4 16. Bxd4 exd4 17. Rxd4 Nxf2 18. Rg1 Ng4 $1 19. Nd5 $146 {[#] And now Ne7+ would win.} Ne5 20. Bb5 f6 21. Re1 Rb8 22. Ba4 Be6 23. Bb3 Kf7 24. Rf4 Bxd5 $1 25. Bxd5+ Ke7 $1 26. Ra4 a6 27. Rc4 Rfd8 (27... Kd6 $5 28. Rd4 $8 Kc7 $11) 28. Bf3 b6 29. Rc7+ Rd7 30. Rxd7+ Kxd7 $11 {[%mdl 4096] Endgame KRB-KRN} 31. Rd1+ Kc7 32. Be2 a5 33. Kd2 Rd8+ 34. Kc3 Re8 35. b4 Nc6 36. Bd3 g6 37. g4 Ne5 38. Bb5 Re6 39. h3 Nc6 40. Rf1 axb4+ 41. axb4 Re3+ 42. Bd3 Rxh3 43. Rxf6 Ne5 44. Kd4 Nxg4 45. Rf7+ Kd6 46. Rb7 Kc6 (46... Ne5 $11) 47. Be4+ $14 Kb5 48. c4+ Kxb4 49. Rxb6+ Ka5 {[#]} 50. Rb5+ $1 {[%mdl 1024] White has strong compensation.} Ka6 $1 51. Rb2 Nf6 52. Bc6 Ka5 53. Ke5 Rc3 54. Rb5+ ({Don't do} 54. Kxf6 $6 Rxc4 55. Bd7 Rb4 $16) 54... Ka6 $1 55. Bb7+ Ka7 56. Kxf6 Rxc4 {KRB-KR} 57. Bd5 Rh4 58. Ke6 Ka6 59. Rc5 g5 60. Kd6 {Hoping for Kc7.} Kb6 {Strongly threatening ...Rh6+.} 61. Rc8 (61. Rc2 {seems wilder.} Rb4 62. Rc6+ Kb5 63. Bf3 Rf4 64. Be2+) 61... Rh6+ 62. Be6 g4 63. Rc6+ Ka7 64. Rc7+ Kb6 {( -> ...Rxe6+!)} 65. Rg7 Rg6 {The position is equal.} 66. Rxh7 g3 {White must now prevent ...g2.} 67. Rh1 g2 68. Rb1+ Ka5 69. Rg1 Kb4 70. Ke5 Kc3 71. Bf5 Rg7 72. Kf4 Kd2 73. Bg4 Rf7+ 74. Kg3 Ke3 75. Rxg2 Rg7 76. Re2+ Kd3 77. Re8 Rf7 78. Bf3 Kd4 79. Rd8+ Ke3 80. Re8+ Kd4 81. Re4+ Kc5 82. Kf2 Ra7 83. Be2 Ra3 84. Re8 Kd4 85. Bf3 Ra2+ 86. Kg3 Ra7 87. Re4+ Kc5 88. Kf4 Rf7+ 89. Ke3 Ra7 90. Re5+ Kd6 91. Rd5+ Ke6 92. Rc5 Kd6 93. Rd5+ Ke6 94. Be4 Ra3+ 95. Kf4 Ra1 96. Rc5 Rf1+ 97. Bf3 Kd6 98. Rc6+ Kd7 99. Rh6 Ke7 100. Ke4 Re1+ 101. Kd5 Re3 102. Be4 Re1 103. Re6+ Kd7 104. Rh6 Ke7 105. Ke5 Re2 106. Rh7+ Ke8 107. Ra7 Re1 108. Kd5 Kf8 109. Bf5 Re7 110. Ra6 Kf7 111. Be6+ Kf6 112. Rd6 Ra7 113. Bg8+ Kf5 114. Kd4 Ra4+ 115. Bc4 Kf4 116. Rf6+ Kg4 117. Rf8 Kg5 118. Kd5 Ra5+ 119. Ke6 Kg4 120. Bd5 Kg3 121. Ra8 Rxa8 {Precision: White = 70%, Black = 80%.} 1/2-1/2

[Event "Kurnosov Memorial Rapid 2018"]
[Site "Chelyabinsk"]
[Date "2018.09.07"]
[Round "4"]
[White "Lysyj, Igor"]
[Black "Savitskiy, Sergey"]
[Result "1-0"]
[WhiteElo "2644"]
[BlackElo "2417"]
[Annotator "TA RC"]
[PlyCount "73"]
[EventDate "2018.09.07"]
[EventType "swiss"]
[EventCountry "RUS"]
[SourceTitle "playchess.com"]
[Source "ChessBase"]
[SourceQuality "1"]

{[%evp 24,73,41,34,102,105,96,89,97,70,68,72,119,118,111,116,134,120,136,116,152,141,184,123,150,141,258,244,249,237,360,362,354,365,356,352,349,353,451,441,478,487,483,403,491,379,450,439,510,473,457,404]} 1. d4 Nf6 2. c4 g6 3. Nc3 Bg7 4. e4 d6 5. Nf3 O-O 6. Be2 e5 7. O-O Nc6 8. Be3 exd4 9. Nxd4 Re8 10. f3 Nh5 11. Nxc6 bxc6 12. Qd2 f5 13. c5 f4 {[#] E94: Königsindisch (Klassisches System)} (13... d5 $14) (13... d5 14. Bg5 Nf6 15. exf5 gxf5 16. Bd3 Qe7 17. b4 Bd7 18. Rae1 Qf8 19. Bf4 a5 20. a3 axb4 21. axb4 {1-0 (53) Arsovic,Z (2577)-Smolovic,M (2418) Belgrade 2016}) 14. Bf2 $1 $16 Be5 15. cxd6 cxd6 {Weiß steht besser.} 16. Bd4 Be6 17. Rfd1 Nf6 $146 ({Vorgänger:} 17... Qa5 18. Bf1 Rab8 19. Qf2 Rb7 20. Bxe5 dxe5 21. Rac1 {1-0 (48) Iskusnyh,S (2455)-Riazantsev,A (2275) St Petersburg 1997}) 18. Bxe5 dxe5 19. Na4 Qxd2 20. Rxd2 Red8 21. Rc2 Rd6 22. Nc5 Bf7 23. Rac1 (23. Nb7 $18 Rd7 24. Na5) 23... Rb8 24. b3 a5 (24... Nd7 $16 25. Nxd7 Rxd7 26. Rxc6 Kg7) 25. Nd3 $18 Nd7 26. Rxc6 Rd4 (26... Rxc6 $142 27. Rxc6 Ra8) 27. Rc8+ Rxc8 28. Rxc8+ Kg7 29. Ra8 a4 30. Rxa4 Rxa4 31. bxa4 Bxa2 {[%mdl 4096] Endspiel KLS-KLS} 32. Nb4 Be6 33. a5 {[%cal Ba4a5,Ba5a6][%mdl 32]} Kf8 34. a6 Nb6 35. Nc6 {Weiß steht klar auf Gewinn.} Bc8 36. Nxe5 Ke7 37. Kf2 {Precision: Weiß = 88%, Schwarz = 28%.} 1-0